Statistieken voor Zambia Trivia Quiz

Klik hier om de quiz te nemen!

Algemene statistieken

  • Deze quiz is 202 keer genomen
  • De gemiddelde score is 11 van 17

Antwoordstatistieken

HintAntwoord% Correct
Aangrenzend land dat ook met een Z begintZimbabwe
96%
Het grootste land dat aan Zambia grenstDemocratische Republiek Congo
92%
Officiële taalEngels
92%
Kleinste land dat aan Zambia grenstMalawi
85%
Grote watervallen die worden gedeeld met het bovenstaande land{Victoria}watervallen
83%
HoofdstadLusaka
76%
Nationale vogel die op de vlag te zien isAfrikaanse zee{arend}
75%
Rivier waar het land naar is vernoemdZambezi
71%
Koloniale naam van ZambiaNoord-{Rhodesië}
68%
Metaal dat de meerderheid vormt van de export van ZambiaKoper
60%
Schotse ontdekkingsreiziger die de eerste Europeaan was die die watervallen zagDavid Livingstone
56%
Het op twee na grootste meer ter wereld dat Zambia deelt met drie andere landen{Tanganyika}meer
48%
Groep mensen die rond 300 na Christus naar het gebied migreerden en de inheemse Khoisan-bevolking verdrevenBantoe
35%
Valuta van ZambiaKwacha
33%
Dictator van Zambia in de periode 1964–1991, hij leeft nog steeds op 96-jarige leeftijdKenneth {Kaunda}
32%
Noem een van de vijf meest gesproken moedertalen van ZambiaBemba | Nyanja | Tonga | Lozi | Chichewa
29%
In volume is Lake Kariba het grootste _____ meer ter wereldKunstmatige
27%

Scoreverdeling

Percentiel versus Aantal Correcte Antwoorden

Procent van Mensen met Elke Score

Uw Scoregeschiedenis

U heeft deze quiz nog niet genomen